Statistics for Persian Gulf General Knowledge

Click here to take the quiz!

General Stats

  • This quiz has been taken 151 times
  • The average score is 14 of 20

Answer Stats

QuestionAnswer% Correct
What do all the countries transport the most through the Persian Gulf?Oil
95%
In what city is the building above located in?Dubai
94%
What is the dominant language used by the bordering countries?Arabic
93%
What is the E in UAE?Emirates
93%
What four capital cities lie on the coasts of the Persian Gulf?Kuwait City
92%
What mini-Peninsula country is itself a part of the peninsula above?Qatar
86%
What four capital cities lie on the coasts of the Persian Gulf?Doha
86%
What major peninsula borders the Persian Gulf to its north?Arabia
85%
What four capital cities lie on the coasts of the Persian Gulf?Abu Dhabi
85%
What building is world's tallest one?Burj Khalifa
83%
What two major rivers flow into the Persian Gulf from the Turkish lands?Tigris
80%
What two major rivers flow into the Persian Gulf from the Turkish lands?Euphrates
78%
What four capital cities lie on the coasts of the Persian Gulf?Manama
76%
What gulf are you in after you pass the strait above?Gulf of {Oman}
72%
Through what strait is the Persian Gulf connected to the Arabian Sea?Strait of {Hormuz}
69%
What is the largest Saudi city on the Persian Gulf?Dammam
33%
On what man-made island does Bahrain border Saudi Arabia?{Passport} Island
21%
What is the largest port of Iran on the Persian Gulf?Bandar Abbas
20%
What Iranian island is a tourist attraction and gulf's largest?Qeshm
16%
What little peninsula is known as the Scandinavia of the Middle East?Musandam
4%

Score Distribution

Percentile by Number Answered

Percent of People with Each Score

Your Score History

You have not taken this quiz